00920cam a2200205 i 450000100100000000500170001000800410002704000250006811000210009324000160011424501340013026000800026430000230034450000540036750400730042161000520049470000460054695201050059299900170069700001918220200929165938.0780213s1976 ve a f000 0 spa  aDO-SdBNPbspacBNPHU1 aVenezuela91980410aLeyes, etc.10aReal cedula de Intendencia de Ejercito y Real Hacienda, diciembre 8 de 1776 /cestudio preliminar, Gisela Morazzani Perez-Enciso. aCaracas :bPresidencia de la Republica,bBanco Central de Venezuela,c1976. a128 p. : ;c23 cm. a200 Bicentenario de la integración de Venezuela aIncluye referencias bibliográficas y notas al pie de las páginas10bIntendencia de Ejercito y Real Hacienda.9412912 aMorazzani de Perez Enciso, Gisela.941292 001050718MOaGRbGRcCTd2010-05-27iLF1l0o p19182-10r2020-06-25w2020-06-25y1ZNo se presta c18700d18700